01727nam a2200373 a 4500001001000000003000500010005001700015008004100032010001100073011001100084040000900095090001000104100004300114245019700157260004100354500006000395502015600455590004100611590004000652590004000692650004900732650003000781650002800811650003100839650005200870700004300922856007000965901000701035942001001042942000601052999001901058952013601077952014001213000111963CHAP20220329144239.0151111s2015 mx a fsm |||||||spa d a108424 a109396 cCHAP aTesis1 aHernández Juárez, Fernanda913001910aEnsalitramiento y cambio de uso de suelo del Distrito de Riego 088, Chiconautla, Estado de México /h[En línea]cpor Fernanda Hernández Juárez y Andrés Vázquez de la Rosa Andrés. aChapingo, Méx. :bEl autor,c2015. aPara ver el contenido del material haga clic en la liga aTesis (Ing. Agr. Esp. en Suelos e Ing. en Recursos Naturales Renovables) -- UACH. Departamento de Suelos e Ingenierí en Recursos Naturales Renovables aE11695DGDb10c20151114lUCH01h1031 aE6096MTMb05c20151111lUCH01h1114 aE6096MTMb05c20151111lUCH01h111914aDistrito de Riego Chiconautla, Méx.93285314aSensores remotos.910442714aSuelos salinos.911055814aSuelos salitrosos.911055914aTierrasxUtilizaciónxMéxico (Edo.)91132431 aVázquez de la Rosa, Andrés9130020 aFinding aiduhttp://10.13.5.2/tesis/sist111963.pdfzTeclea aquí aBK cTESIS n0 c108424d108424 00104054718TESISaBCbBCd2015-11-11fTESISl0oTesisp33724002508835r2019-12-31 00:00:00w2019-12-31yTESISzRecien adquirido 00102local4053708TESISaBCbBCcPA_TESISd2015-11-11fTESISl0oTesisp33724002510421r2019-12-31 00:00:00tc.2w2019-12-31yTESIS